01007nas a2200241Ia 4500001001100000003000900011008004100020040001300061040001300074041001300087100003800100210002100138222002100159245009900180250001100279260003600290501008600326300001000412310001200422362003500434500026000469650003600729R022/43029IT-RoPAU151124c99999999xx |||||||||||| ||und|| aIT-RoPAU cIT-RoPAU aITALIANO aAA.VV. gCodice Aut. SPICS: 12000 aINFORMAZIONI MCS aInformazioni Mcs aINFORMAZIONI MCS, ANNO 21-N.02 (FEBBRAIO 1978)bInformazioni Mcs, Anno 21-N.02 (Febbraio 1978) a1a ed. aVICENZAbINFORMAZIONI MCSc1978 bPaulus - SPICS - Società San Paolo EM (non-commercial uses only)cCopyright2015 a32 p. aMENSILE aANNO 021, N.02 (FEBBRAIO 1978) aIntervista a Valeria Sandri su Comunicazione Sociale, Promozione Umana e Cultura a Cura di Luigi Rigodanza. Schede Critiche dei Film: Abissi, un Altro Uomo Un'Altra Donna, Rollecoaster: il Grande Brivido, California, L'Isoladel Dottor Moreau, Kolossal (I  aCINEMAvPUBBLICAZIONE PERIODICA